000 00914nam a22002657a 4500
001 22144
005 20260331155654.0
008 260327b |||||||| |||| 00| 0 spa d
020 _a9780357450062
041 _aING
082 _a612.39
_bG82
100 _aGropper, Sareen S.
_eAUT
245 _aAdvanced nutrition and human metabolism
250 _aOctava edición
260 _aMason :
_b Cengage Learning,
_c2022
300 _axxi, 634 páginas :
_bilustraciones, gráficos, tablas ;
_c28 cm.
440 _a ;
650 _aTCA
653 _aMetabolismo humano
654 _aCCS
700 _aSmith, Jack L.,
_eAUT
700 _aCarr, Timothy P.,
_eAUT
856 _uhttps://0u216uu8k-y-https-accessmedicina-mhmedical-com.itmsp.museknowledge.com/searchresults.aspx?q=Advanced+nutrition+and+human+metabolism
_zVéase además: Base de datos McGraw Hill Access Medicina
942 _cLIB
_dJUS
_fMIP
_n0
_2ddc
999 _c22144
_d22144